Statistics for Skylanders Giants Quiz

Click here to take the quiz!

General Stats

  • This quiz has been taken 1,601 times
  • The average score is 8 of 11

Answer Stats

TypeAnswer% Correct
FireHot Head
90%
TechBouncer
89%
LifeTree Rex
87%
EarthCrusher
84%
UndeadEye-Brawl
84%
MagicNinjini
84%
WaterThumpback
82%
AirSwarm
81%
Color Variant-EarthGranite Crusher
39%
Color Variant-TechLegendary Bouncer
37%
Color Variant-LifeGnarly Tree Rex
36%

Score Distribution

Percentile by Number Answered

Percent of People with Each Score

Your Score History

You have not taken this quiz